000 00346nam a22001457a 4500
999 _c12002
_d12002
008 211103b ||||| |||| 00| 0 eng d
082 _a540
_bCAR
100 _aCareer point
245 _ahandbook of chemistry formulae
260 _aRajasthan
_bCareer Point
_c2006
300 _a218p.
650 _aChemistry
650 _aFormula
942 _cGB